| 000 | 00696nam a2200193 a 4500 | ||
|---|---|---|---|
| 005 | 20140412111242.0 | ||
| 008 | 020409s19uu xx 00 eng d | ||
| 020 | _a1-85758-068-0 | ||
| 050 |
_aTR(GS 428 _bK32 1992 |
||
| 100 | _aLane, Sheila | ||
| 245 |
_aBack to basics English / _cShiela Lane and Marian Kemp. |
||
| 260 |
_aLondon : _bLetts Educational, _c1992. |
||
| 300 | _a32 p. ; ill. | ||
| 440 | _aLetts English, age 6-7 years olds, bk. 1 | ||
| 520 | _athe back to basics series will help children practice those basic and essential skills which are at the heart of the National Curriculum. | ||
| 650 |
_aEnglish _xJuvenile literature |
||
| 650 |
_aEnglish _xbasics |
||
| 999 |
_c102796 _d102796 |
||